000 01835nam a2200409 a 4500
999 _c473134
_d473134
003 BLK
005 20250329160813.0
008 180411b bul|||||r ||||||| ||bul||
020 _a9786190110545
040 _aBLK
041 _aBUL
_cBUL
080 _aЦивилизация. Култура. Прогрес. История на културата вж 930.85
_b008
_z008
080 _aМорал и общество. Човешки отношения. Уважение. Независимост. Вж и 395
_b177
_z177
080 _aБългарска литература
_b821.163.2
_z821.163.2-32
_x-32
080 _aСоциално поведение. Социална психология
_b316.6
_z316.6(0:82-32)
_x(0:82-32)
100 _aЙотовски, Емил Цветанов
_d1970 -
_gПисател. Лекар.
_9347770
139 _aЙотовски, Емил Цветанов
_bИ 85
245 1 0 _aСиндромът на сварената жаба
_cЕмил Йотовски.
257 _aBGR
260 _aСофия
_bИзток-Запад
_c2022
_9210881
_fСофия : Изток-Запад
_n978-619-01- ; 978-619-152- ; 978-954-321- ; 954-8945-
300 _a176 с.
_c20 см
380 _a0
650 0 _9244134
_aЦивилизация - философско-исторически проблеми
650 0 _9280586
_aМорал и общество
653 7 _9192366
_aнов световен ред
653 7 _9186471
_aетика
653 7 _9191387
_aморал
653 7 _9200412
_aценности
852 _bП
_c008/И 85 Е
852 _bЦб
_cЦб 315335
856 _i0.00
_ldisable
942 _cKNG
_n0
_s1
_014
944 _aCR
_c2022-09-12
_k30540
_lСевдалина Тодорова
944 _aED
_c2022-12-15
_kир
999 _d473134
999 _d473134